Hospitalidad y hostilidad (Registro nro. 25176)

Detalles MARC
000 -LEADER
fixed length control field 00363 a2200109 4500
001 - CONTROL NUMBER
control field ART_10862
005 - DATE AND TIME OF LATEST TRANSACTION
control field 20260410161853.0
008 - FIXED-LENGTH DATA ELEMENTS--GENERAL INFORMATION
fixed length control field 260409a
100 1# - MAIN ENTRY--PERSONAL NAME
Personal name Gorali, Marina
245 10 - TITLE STATEMENT
Title Hospitalidad y hostilidad
773 0# - HOST ITEM ENTRY
Title Filosofía del derecho
Related parts Cuestiones conceptuales, metodológicas y normativas - Año I, Nº 1 (mayo 2012)
Record control number REV10449

No hay ítems disponibles.